<?xml version="1.0" encoding="UTF-8"?>
<record
    xmlns:xsi="http://www.w3.org/2001/XMLSchema-instance"
    xsi:schemaLocation="http://www.loc.gov/MARC21/slim http://www.loc.gov/standards/marcxml/schema/MARC21slim.xsd"
    xmlns="http://www.loc.gov/MARC21/slim">

  <leader>00630nam a22002292a 4500</leader>
  <controlfield tag="001">6186</controlfield>
  <controlfield tag="003">BD RJUL</controlfield>
  <controlfield tag="005">20211208234212.0</controlfield>
  <controlfield tag="008">090114s1957    enka          000 0 eng d</controlfield>
  <datafield tag="035" ind1=" " ind2=" ">
    <subfield code="a">BD RJUL6225</subfield>
  </datafield>
  <datafield tag="040" ind1=" " ind2=" ">
    <subfield code="a">VTU</subfield>
    <subfield code="c">VTU</subfield>
    <subfield code="d">UKM</subfield>
    <subfield code="d">BD RJUL</subfield>
    <subfield code="b">eng</subfield>
  </datafield>
  <datafield tag="041" ind1=" " ind2=" ">
    <subfield code="a">eng</subfield>
  </datafield>
  <datafield tag="082" ind1=" " ind2=" ">
    <subfield code="a"> 355.033</subfield>
    <subfield code="b">MCG 1957</subfield>
  </datafield>
  <datafield tag="090" ind1=" " ind2=" ">
    <subfield code="a">U162</subfield>
    <subfield code="b">.K49 1957a</subfield>
  </datafield>
  <datafield tag="100" ind1="1" ind2=" ">
    <subfield code="a">Kingston-McCloughry, E. J.</subfield>
    <subfield code="q">(Edgar James),</subfield>
    <subfield code="d">1896-</subfield>
    <subfield code="9">19455</subfield>
  </datafield>
  <datafield tag="245" ind1="1" ind2="0">
    <subfield code="a">Global strategy /</subfield>
    <subfield code="c">E. J. Kingston-McCloughry.</subfield>
  </datafield>
  <datafield tag="260" ind1=" " ind2=" ">
    <subfield code="a">London :</subfield>
    <subfield code="b">Cape,</subfield>
    <subfield code="c">1957.</subfield>
  </datafield>
  <datafield tag="300" ind1=" " ind2=" ">
    <subfield code="a">270 p. :</subfield>
    <subfield code="b">ill. ;</subfield>
    <subfield code="c">21 cm.</subfield>
  </datafield>
  <datafield tag="650" ind1=" " ind2="0">
    <subfield code="a">Strategy.</subfield>
    <subfield code="9">19456</subfield>
  </datafield>
  <datafield tag="942" ind1=" " ind2=" ">
    <subfield code="2">ddc</subfield>
    <subfield code="c">BK</subfield>
  </datafield>
  <datafield tag="999" ind1=" " ind2=" ">
    <subfield code="c">6186</subfield>
    <subfield code="d">6186</subfield>
  </datafield>
  <datafield tag="952" ind1=" " ind2=" ">
    <subfield code="0">0</subfield>
    <subfield code="1">0</subfield>
    <subfield code="2">ddc</subfield>
    <subfield code="4">0</subfield>
    <subfield code="7">1</subfield>
    <subfield code="8">NFIC</subfield>
    <subfield code="a">RUCL</subfield>
    <subfield code="b">RUCL</subfield>
    <subfield code="c">reading</subfield>
    <subfield code="d">1963-01-01</subfield>
    <subfield code="e">Mirza book</subfield>
    <subfield code="g">22.50</subfield>
    <subfield code="l">0</subfield>
    <subfield code="o">355.033 MCG 1957</subfield>
    <subfield code="r">2014-01-09 00:00:00</subfield>
    <subfield code="t">C-1</subfield>
    <subfield code="w">2014-01-09</subfield>
    <subfield code="y">BK</subfield>
  </datafield>
</record>
